[Event "St Petersburg White Nights op"]
[Site "St Petersburg"]
[Date "2011.06.07"]
[Round "1"]
[White "Mylnikov, Mikhail"]
[Black "Kozenkov, Valery"]
[Result "0-1"]
[WhiteElo "1762"]
[BlackElo "2105"]
[PlyCount "60"]
[EventDate "2011.06.07"]
[EventType "swiss"]
[EventRounds "9"]
[EventCountry "RUS"]
[SourceTitle "EXT 2012"]
[Source "ChessBase"]
[SourceDate "2011.11.24"]
[SourceVersion "1"]
[SourceVersionDate "2011.11.24"]
[SourceQuality "1"]

1. e4 c6 2. d4 d5 3. Nc3 dxe4 4. Nxe4 Nd7 5. Nf3 Ngf6 6. Nxf6+ Nxf6 7. Bf4 Bg4 8. c3 e6 9. Be2 Nd5 10. Bg3 Bd6 11. Bxd6 Qxd6 12. Ne5 Bxe2 13. Qxe2 0-0 14. 0-0-0 a5 15. Nc4 Qf4+ 16. Qd2 Qc7 17. Ne3 b5 18. Kb1 Rfd8 19. Nxd5 Rxd5 20. Qc2 b4 21. c4 Rg5 22. Qe4 Rd8 23. h4 Rf5 24. f3 Qd6 25. b3 Rf4 26. Qe5 Rxd4 27. Rxd4 Qxd4 28. Qxa5 c5 29. Qc7 h6 30. Qc6 Qd3+ 0-1

[Event "Chigorin Memorial 18th"]
[Site "St Petersburg"]
[Date "2010.11.04"]
[Round "8"]
[White "Emdin, Mark"]
[Black "Kozenkov, Valery"]
[Result "1-0"]
[WhiteElo "1975"]
[BlackElo "2132"]
[PlyCount "148"]
[EventDate "2010.10.28"]
[EventType "swiss"]
[EventRounds "9"]
[EventCountry "RUS"]
[SourceTitle "EXT 2011"]
[Source "ChessBase"]
[SourceDate "2010.11.26"]
[SourceVersion "1"]
[SourceVersionDate "2010.11.26"]
[SourceQuality "1"]

1. d4 d5 2. Nf3 Nf6 3. Bg5 Ne4 4. Bf4 c6 5. e3 Bf5 6. Bd3 e6 7. 0-0 Nd7 8. c3 Be7 9. Qc2 0-0 10. Nbd2 Nxd2 11. Nxd2 Bxd3 12. Qxd3 c5 13. Rfd1 Qb6 14. b3 Rfd8 15. Nf3 Rac8 16. Rac1 Qa5 17. Qe2 cxd4 18. exd4 Ba3 19. b4 Qa4 20. Rc2 Bxb4 21. Rb1 Rxc3 22. Rxc3 Bxc3 23. Rxb7 Bxd4 24. Nxd4 Qxd4 25. Be3 Qa1+ 26. Qf1 Qxa2 27. Rxa7 Qc2 28. h3 h6 29. Qb5 Nf6 30. Qb6 Re8 31. Qb7 Qg6 32. Bc5 Ne4 33. Be3 Nf6 34. Bc5 e5 35. Be7 d4 36. Qb5 Rc8 37. Qxe5 d3 38. Bb4 Rc1+ 39. Kh2 Qg5 40. Qxg5 hxg5 41. Bd2 Rd1 42. Bxg5 Ne4 43. Be3 f6 44. Rd7 Kf8 45. f3 Nc3 46. Kg3 Nb1 47. Bc5+ Kg8 48. Bb4 Kh7 49. Kf2 d2 50. g3 Kg6 51. Rd5 Kf7 52. Rd6 f5 53. f4 Ke8 54. Rd4 g6 55. Rd6 Kf7 56. Rd7+ Kf6 57. Rd6+ Kf7 58. Rd7+ Kf6 59. Rd6+ Kg7 60. Rd7+ Kf6 61. Rd6+ Kf7 62. Rd7+ Ke8 63. Rd6 Rh1 64. Bxd2 Nxd2 65. Rxd2 Rxh3 66. Rd6 Kf7 67. Ra6 Kg7 68. Ra7+ Kh6 69. Kg2 Rh5 70. Rf7 g5 71. Rf6+ Kg7 72. Rxf5 Kg6 73. g4 Rh8 74. Rxg5+ Kf6 1-0

[Event "Chigorin Memorial 18th"]
[Site "St Petersburg"]
[Date "2010.10.30"]
[Round "3"]
[White "Kozenkov, Valery"]
[Black "Kashtanov, Ruslan"]
[Result "0-1"]
[WhiteElo "2132"]
[BlackElo "2351"]
[PlyCount "80"]
[EventDate "2010.10.28"]
[EventType "swiss"]
[EventRounds "9"]
[EventCountry "RUS"]
[SourceTitle "EXT 2011"]
[Source "ChessBase"]
[SourceDate "2010.11.26"]
[SourceVersion "1"]
[SourceVersionDate "2010.11.26"]
[SourceQuality "1"]

1. d4 Nf6 2. Nf3 g6 3. c4 Bg7 4. Nc3 0-0 5. e4 d6 6. Be2 Nbd7 7. 0-0 e5 8. d5 Nc5 9. Qc2 a5 10. Bg5 h6 11. Be3 b6 12. Nd2 Bg4 13. f3 Bd7 14. b3 Nh5 15. a3 Nf4 16. Rfb1 Qg5 17. Bxf4 exf4 18. Bf1 Rfe8 19. b4 Bd4+ 20. Kh1 Qe5 21. bxc5 Bxc3 22. Ra2 bxc5 23. Rb7 Rac8 24. Bd3 a4 25. Qd1 Qd4 26. Qe2 g5 27. g4 h5 28. gxh5 Qh8 29. Rc2 Be5 30. Rc1 Qxh5 31. Rcb1 Bc3 32. Nf1 g4 33. Qg2 Kh8 34. Be2 g3 35. Nxg3 fxg3 36. f4 Qxh2+ 37. Qxh2+ gxh2 38. Bf3 Bd2 39. Kxh2 Bxf4+ 40. Kg2 Kg7 0-1

[Event "St Petersburg Autumn op"]
[Site "St Petersburg"]
[Date "2010.10.24"]
[Round "9"]
[White "Kozenkov, Valery"]
[Black "Tkachev, Taras"]
[Result "1-0"]
[WhiteElo "2132"]
[BlackElo "2032"]
[PlyCount "121"]
[EventDate "2010.10.16"]
[EventType "swiss"]
[EventRounds "9"]
[EventCountry "RUS"]
[SourceTitle "EXT 2011"]
[Source "ChessBase"]
[SourceDate "2010.11.26"]
[SourceVersion "1"]
[SourceVersionDate "2010.11.26"]
[SourceQuality "1"]

1. d4 d5 2. c4 c6 3. Nf3 Nf6 4. Nc3 e6 5. Bg5 dxc4 6. e4 b5 7. e5 h6 8. Bh4 g5 9. Nxg5 hxg5 10. Bxg5 Be7 11. exf6 Bxf6 12. Bxf6 Qxf6 13. a4 Rh4 14. axb5 Rxd4 15. Qe2 Bb7 16. Ra4 Nd7 17. Rxc4 c5 18. Rxd4 cxd4 19. Ne4 Qf4 20. f3 Rc8 21. Kf2 Bxe4 22. Qxe4 Qd2+ 23. Kg3 Ke7 24. h4 f5 25. Qe2 Rg8+ 26. Kf2 Qf4 27. Rh3 Nc5 28. g3 Rxg3 29. Rxg3 Ne4+ 30. Ke1 Nxg3 31. Qc4 Nxf1 32. Qc5+ Kf7 33. Qxa7+ Kf6 34. Kxf1 Qxf3+ 35. Ke1 Qe3+ 36. Kd1 Qd3+ 37. Kc1 Qc4+ 38. Kd1 d3 39. Qf2 Qb3+ 40. Ke1 Qxb5 41. Qd4+ Ke7 42. b4 Qa4 43. Qc5+ Kf7 44. Kd2 Qa8 45. Qd4 Qf3 46. Qd7+ Kf6 47. Qxd3 Qf4+ 48. Kc3 Qc7+ 49. Kb3 e5 50. Qa6+ Kg7 51. Qe6 f4 52. h5 e4 53. Qg6+ Kf8 54. h6 f3 55. h7 Qg7 56. Qd6+ Kf7 57. Qf4+ Kg6 58. Qxe4+ Kg5 59. Qe3+ Kg6 60. Qd3+ Kg5 61. Qd8+ 1-0

[Event "St Petersburg White Nights op"]
[Site "St Petersburg"]
[Date "2010.06.23"]
[Round "8"]
[White "Alekseenko, Kirill"]
[Black "Kozenkov, Valery"]
[Result "1/2-1/2"]
[WhiteElo "2232"]
[BlackElo "2108"]
[PlyCount "192"]
[EventDate "2010.06.16"]
[EventType "swiss"]
[EventRounds "9"]
[EventCountry "RUS"]
[SourceTitle "EXT 2011"]
[Source "ChessBase"]
[SourceDate "2010.11.26"]
[SourceVersion "1"]
[SourceVersionDate "2010.11.26"]
[SourceQuality "1"]

1. e4 c6 2. d4 d5 3. exd5 cxd5 4. Bd3 Nc6 5. c3 Nf6 6. Bf4 Bg4 7. Qb3 Qd7 8. Nd2 e6 9. Ngf3 Bxf3 10. Nxf3 a6 11. 0-0 Be7 12. Rae1 0-0 13. Ne5 Nxe5 14. dxe5 Nh5 15. Be3 g6 16. a4 Rac8 17. f4 Ng7 18. g4 f5 19. exf6 Bxf6 20. h3 d4 21. cxd4 Bxd4 22. Kg2 Qc6+ 23. Kg3 Bxe3 24. Rxe3 Qc7 25. Ref3 Kh8 26. Kg2 e5 27. fxe5 Rxf3 28. Rxf3 Qxe5 29. Qxb7 Rb8 30. Qxa6 Ne6 31. Qc4 Rxb2+ 32. Bc2 Kg7 33. Rf2 g5 34. Qe4 Qxe4+ 35. Bxe4 Nf4+ 36. Kg3 Rb4 37. Bc2 Rc4 38. Kf3 Nxh3 39. Rh2 h5 40. gxh5 g4+ 41. Kg3 Kh6 42. Bd1 Kg5 43. h6 Kxh6 44. Bxg4 Rxa4 45. Rxh3+ Kg6 46. Kh4 Rd4 47. Re3 Rd6 48. Kg3 Rb6 49. Re5 Kf6 50. Ra5 Rb4 51. Rf5+ Kg6 52. Re5 Rb6 53. Bf3 Rd6 54. Be4+ Kf6 55. Kf4 Rb6 56. Rh5 Ke7 57. Ke5 Re6+ 58. Kd4 Rf6 59. Bd5 Kd6 60. Rh1 Rf4+ 61. Be4 Rf6 62. Ra1 Re6 63. Bd5 Re2 64. Ra6+ Ke7 65. Be4 Rd2+ 66. Ke5 Rd7 67. Rh6 Kd8 68. Bc6 Rd1 69. Rh7 Kc8 70. Bd5 Rg1 71. Kd6 Rg6+ 72. Be6+ Kb8 73. Re7 Rg1 74. Re8+ Ka7 75. Bd5 Rc1 76. Bc6 Kb6 77. Rb8+ Ka5 78. Rb5+ Ka6 79. Kc7 Rc4 80. Rh5 Rc3 81. Rh4 Ra3 82. Rb4 Ka5 83. Rb5+ Ka4 84. Rb1+ Ka5 85. Kd6 Rd3+ 86. Kc5 Rc3+ 87. Kd5 Rc2 88. Bb5 Rd2+ 89. Kc5 Rd1 90. Rb2 Ra1 91. Rb4 Rc1+ 92. Bc4 Rg1 93. Rb7 Rg5+ 94. Bd5 Rg6 95. Rh7 Rf6 96. Be4 Re6 1/2-1/2

[Event "St Petersburg White Nights op"]
[Site "St Petersburg"]
[Date "2010.06.16"]
[Round "1"]
[White "Kozenkov, Valery"]
[Black "Mylnikov, Mikhail"]
[Result "1-0"]
[WhiteElo "2108"]
[BlackElo "1740"]
[PlyCount "87"]
[EventDate "2010.06.16"]
[EventType "swiss"]
[EventRounds "9"]
[EventCountry "RUS"]
[SourceTitle "EXT 2011"]
[Source "ChessBase"]
[SourceDate "2010.11.26"]
[SourceVersion "1"]
[SourceVersionDate "2010.11.26"]
[SourceQuality "1"]

1. d4 Nf6 2. c4 c5 3. Nf3 e6 4. Nc3 b6 5. d5 exd5 6. cxd5 d6 7. g3 g6 8. Bg2 Bg7 9. 0-0 0-0 10. h3 a6 11. a4 Qc7 12. Nd2 Nbd7 13. Nc4 Rb8 14. Bf4 Ne8 15. Ne4 Ne5 16. Bxe5 Bxe5 17. Nxe5 dxe5 18. Rc1 Nd6 19. Nc3 b5 20. b4 c4 21. axb5 axb5 22. Ra1 Bd7 23. Qd2 Ra8 24. Kh2 Qb6 25. e3 Ra7 26. Ra2 Rfa8 27. Rfa1 f5 28. Qb2 e4 29. h4 Nf7 30. Bf1 Ne5 31. Kg2 Nd3 32. Rxa7 Rxa7 33. Bxd3 exd3 34. h5 Rxa1 35. Qxa1 Qb7 36. h6 Be6 37. f3 Bf7 38. Qa5 Qd7 39. e4 fxe4 40. fxe4 Be8 41. Qb6 Qe7 42. Qd4 Bd7 43. e5 Bf5 44. e6 1-0

[Event "St Petersburg Blokadny op"]
[Site "St Petersburg"]
[Date "2010.01.11"]
[Round "9"]
[White "Katyshkina, Anastasia"]
[Black "Kozenkov, Valery"]
[Result "0-1"]
[WhiteElo "1882"]
[BlackElo "2091"]
[PlyCount "72"]
[EventDate "2010.01.03"]
[EventType "swiss"]
[EventRounds "9"]
[EventCountry "RUS"]
[SourceTitle "CBM 134 Extra"]
[Source "ChessBase"]
[SourceDate "2010.03.03"]
[SourceVersion "1"]
[SourceVersionDate "2010.03.03"]
[SourceQuality "1"]

1. Nf3 d5 2. g3 Nf6 3. Bg2 e6 4. 0-0 Be7 5. b3 0-0 6. Bb2 Nbd7 7. c4 c6 8. d3 b5 9. Nbd2 Ba6 10. Rc1 bxc4 11. dxc4 Qa5 12. Nd4 Bb7 13. a4 Rac8 14. h3 Bb4 15. N2f3 Ne4 16. e3 Rfd8 17. Qc2 Ndc5 18. Rfd1 Qb6 19. Ne5 f6 20. Nd3 Nxd3 21. Qxd3 c5 22. Nf3 dxc4 23. Qxc4 Bd5 24. Qc2 Qb7 25. Nh2 Ng5 26. f4 Ne4 27. Nf1 f5 28. g4 Rd7 29. Rd3 c4 30. bxc4 Rxc4 31. Qd1 Rxc1 32. Bxc1 Nc3 33. Bxd5 Rxd5 34. Qc2 Rxd3 35. Qxd3 Qf3 36. Qd8+ Bf8 0-1

[Event "St Petersburg Blokadny op"]
[Site "St Petersburg"]
[Date "2010.01.05"]
[Round "3"]
[White "Kozenkov, Valery"]
[Black "Pimenov, Revolt"]
[Result "1/2-1/2"]
[WhiteElo "2091"]
[BlackElo "2241"]
[PlyCount "29"]
[EventDate "2010.01.03"]
[EventType "swiss"]
[EventRounds "9"]
[EventCountry "RUS"]
[SourceTitle "CBM 134 Extra"]
[Source "ChessBase"]
[SourceDate "2010.03.03"]
[SourceVersion "1"]
[SourceVersionDate "2010.03.03"]
[SourceQuality "1"]

1. d4 e6 2. c4 b6 3. Nc3 Bb4 4. Qc2 Bb7 5. a3 Bxc3+ 6. Qxc3 Nf6 7. f3 d5 8. cxd5 Nxd5 9. Qc2 Qh4+ 10. g3 Qxd4 11. e4 Ne3 12. Qd3 Ng2+ 13. Kd1 Qf2 14. Qe2 Qd4+ 15. Kc2 1/2-1/2

[Event "St Petersburg Blokadny op"]
[Site "St Petersburg"]
[Date "2010.01.03"]
[Round "1"]
[White "Kozenkov, Valery"]
[Black "Enalskiy, Aleksey"]
[Result "1-0"]
[WhiteElo "2091"]
[BlackElo "1688"]
[PlyCount "59"]
[EventDate "2010.01.03"]
[EventType "swiss"]
[EventRounds "9"]
[EventCountry "RUS"]
[SourceTitle "CBM 134 Extra"]
[Source "ChessBase"]
[SourceDate "2010.03.03"]
[SourceVersion "1"]
[SourceVersionDate "2010.03.03"]
[SourceQuality "1"]

1. d4 d5 2. c4 e6 3. Nc3 c5 4. cxd5 cxd4 5. Qa4+ Bd7 6. Qxd4 exd5 7. Qxd5 Nc6 8. Bg5 Nf6 9. Qd2 h6 10. Bxf6 Qxf6 11. Nd5 Qd4 12. Qxd4 Nxd4 13. Rc1 Bd6 14. e3 Bc6 15. Nc3 Ne6 16. Nf3 0-0 17. Be2 Rac8 18. 0-0 Rfd8 19. Nb5 Bxb5 20. Bxb5 Rc5 21. Rxc5 Bxc5 22. Rc1 Bb6 23. Kf1 Ng5 24. Ne1 Rd2 25. Rc2 Rxc2 26. Nxc2 Kf8 27. Bc4 Ke7 28. Bd5 Kd6 29. Bxb7 Ne6 30. Ke2 1-0

[Event "Omsk Half CC-ch"]
[Site "Omsk"]
[Date "2009.??.??"]
[Round "6"]
[White "Kharlamov, Igor1111"]
[Black "Kozenkov, Valery"]
[Result "1-0"]
[WhiteElo "1964"]
[BlackElo "1943"]
[PlyCount "74"]
[EventDate "2009.??.??"]
[EventType "swiss"]
[EventRounds "9"]
[EventCountry "RUS"]
[SourceTitle "EXT 2011"]
[Source "ChessBase"]
[SourceDate "2010.11.26"]
[SourceVersion "1"]
[SourceVersionDate "2010.11.26"]
[SourceQuality "1"]

1. Nf3 d5 2. d4 Nf6 3. c4 e6 4. Bg5 Bb4+ 5. Nc3 dxc4 6. Qa4+ Nc6 7. a3 Bxc3+ 8. bxc3 Qd5 9. Bxf6 gxf6 10. g3 b5 11. Qc2 Rb8 12. Bg2 Na5 13. e4 Qd6 14. 0-0 Nb3 15. Rae1 Qxa3 16. d5 e5 17. Nh4 Qe7 18. f4 0-0 19. Qe2 Rb6 20. Qh5 a5 21. Rf3 a4 22. g4 a3 23. Nf5 Bxf5 24. gxf5 Rfb8 25. fxe5 fxe5 26. f6 Qc5+ 27. Kh1 Kf8 28. Qxh7 Ke8 29. Rg3 Rxf6 30. Qh8+ Ke7 31. Qxb8 Rf2 32. Rg8 Qd6 33. Qf8+ Kf6 34. Qg7+ Ke7 35. Qf8+ Kf6 36. Qg7+ Ke7 37. Qh8 Qf6 1-0

[Event "St Petersburg Autumn op"]
[Site "St Petersburg"]
[Date "2009.??.??"]
[Round "7"]
[White "Kitsis, Andrey"]
[Black "Kozenkov, Valery"]
[Result "1/2-1/2"]
[WhiteElo "2165"]
[BlackElo "1995"]
[PlyCount "114"]
[EventDate "2009.10.??"]
[EventType "swiss"]
[EventRounds "9"]
[EventCountry "RUS"]
[SourceTitle "EXT 2011"]
[Source "ChessBase"]
[SourceDate "2010.11.26"]
[SourceVersion "1"]
[SourceVersionDate "2010.11.26"]
[SourceQuality "1"]

1. Nf3 d5 2. g3 Nf6 3. Bg2 e6 4. 0-0 Be7 5. d3 0-0 6. Nbd2 b6 7. e4 Bb7 8. exd5 Bxd5 9. b3 c5 10. Bb2 Nbd7 11. c4 Bb7 12. d4 cxd4 13. Nxd4 Bxg2 14. Kxg2 Qc7 15. Kg1 Rfd8 16. Qf3 Rac8 17. Nb5 Qb8 18. Rad1 a6 19. Nd4 Qc7 20. Ne4 Nxe4 21. Qxe4 Nc5 22. Qe2 Bf6 23. Nf3 Bxb2 24. Qxb2 f6 25. Qe2 e5 26. Nh4 Ne6 27. Nf5 Kh8 28. Qg4 g6 29. Ne3 Nd4 30. Nd5 Qd6 31. f4 Nf5 32. fxe5 fxe5 33. Qe4 Qe6 34. Rde1 Re8 35. Kh1 b5 36. cxb5 axb5 37. Nf4 Qc6 38. Qxc6 Rxc6 39. Nd3 e4 40. Rf4 Rd6 41. Nf2 e3 42. Nd1 Rd4 43. Nc3 Rxf4 44. gxf4 b4 45. Nd5 Re4 46. Kg2 Rd4 47. Nxe3 Rd2+ 48. Kf3 Rxh2 49. Nxf5 gxf5 50. Re8+ Kg7 51. Rb8 Rxa2 52. Rxb4 Rb2 53. Kg3 Kg6 54. Rb6+ Kh5 55. Rb5 Kg6 56. Kf3 Rb1 57. Rb7 h6 1/2-1/2

[Event "St Petersburg Autumn op"]
[Site "St Petersburg"]
[Date "2009.??.??"]
[Round "2"]
[White "Kozenkov, Valery"]
[Black "Paliy, Vladimir"]
[Result "1-0"]
[WhiteElo "1995"]
[BlackElo "1835"]
[PlyCount "39"]
[EventDate "2009.10.??"]
[EventType "swiss"]
[EventRounds "9"]
[EventCountry "RUS"]
[SourceTitle "EXT 2011"]
[Source "ChessBase"]
[SourceDate "2010.11.26"]
[SourceVersion "1"]
[SourceVersionDate "2010.11.26"]
[SourceQuality "1"]

1. d4 Nf6 2. c4 e6 3. Nf3 b6 4. g3 Bb4+ 5. Bd2 Bxd2+ 6. Qxd2 Bb7 7. Nc3 d6 8. Bg2 0-0 9. Qf4 Nbd7 10. e4 Ne8 11. 0-0 Qf6 12. Qe3 e5 13. dxe5 Nxe5 14. Nxe5 Qxe5 15. Rfe1 Nf6 16. f4 Qe6 17. Nd5 Ne8 18. e5 c6 19. f5 Qxe5 20. Qd2 1-0

[Event "Omsk Half CC-ch"]
[Site "Omsk"]
[Date "2009.??.??"]
[Round "8"]
[White "Kozenkov, Valery"]
[Black "Skokov, Boris"]
[Result "1-0"]
[WhiteElo "1943"]
[BlackElo "2103"]
[PlyCount "27"]
[EventDate "2009.??.??"]
[EventType "swiss"]
[EventRounds "9"]
[EventCountry "RUS"]
[SourceTitle "EXT 2011"]
[Source "ChessBase"]
[SourceDate "2010.11.26"]
[SourceVersion "1"]
[SourceVersionDate "2010.11.26"]
[SourceQuality "1"]

1. d4 Nf6 2. c4 e6 3. Nf3 b6 4. g3 Ba6 5. Qc2 c5 6. d5 exd5 7. cxd5 Bb7 8. Bg2 Nxd5 9. 0-0 Nb4 10. Qa4 Be7 11. Rd1 0-0 12. a3 N4a6 13. Nc3 Nc7 14. e4 1-0

[Event "Omsk Half CC-ch"]
[Site "Omsk"]
[Date "2009.??.??"]
[Round "7"]
[White "Kozenkov, Valery"]
[Black "Usatchev, Sergei"]
[Result "1-0"]
[WhiteElo "1943"]
[BlackElo "1855"]
[PlyCount "55"]
[EventDate "2009.??.??"]
[EventType "swiss"]
[EventRounds "9"]
[EventCountry "RUS"]
[SourceTitle "EXT 2011"]
[Source "ChessBase"]
[SourceDate "2010.11.26"]
[SourceVersion "1"]
[SourceVersionDate "2010.11.26"]
[SourceQuality "1"]

1. e4 c6 2. d4 d5 3. e5 Bf5 4. Nc3 e6 5. g4 Bg6 6. h4 h6 7. h5 Bh7 8. Bd3 Bxd3 9. Qxd3 Nd7 10. Be3 Qb6 11. Nf3 c5 12. 0-0 cxd4 13. Bxd4 Qc6 14. Rfe1 Bb4 15. a3 Ba5 16. b4 Bb6 17. Nb5 Bc7 18. Rac1 a6 19. Nxc7+ Qxc7 20. c4 dxc4 21. Rxc4 Qd8 22. Qe4 b5 23. Rc6 Ne7 24. Rd6 0-0 25. Qb7 Nd5 26. Rxd7 Qc8 27. Qxc8 Rfxc8 28. Bc5 1-0

[Event "Omsk RT op"]
[Site "Omsk"]
[Date "2009.??.??"]
[Round "9"]
[White "Nevorotov, Boris"]
[Black "Kozenkov, Valery"]
[Result "1-0"]
[WhiteElo "1996"]
[BlackElo "1943"]
[PlyCount "91"]
[EventDate "2009.??.??"]
[EventType "swiss"]
[EventRounds "9"]
[EventCountry "RUS"]
[SourceTitle "EXT 2011"]
[Source "ChessBase"]
[SourceDate "2010.11.26"]
[SourceVersion "1"]
[SourceVersionDate "2010.11.26"]
[SourceQuality "1"]

1. e4 c6 2. d3 d5 3. Nd2 dxe4 4. dxe4 g6 5. Bc4 Bg7 6. Ngf3 Nf6 7. 0-0 0-0 8. c3 a5 9. a4 Na6 10. Qe2 Qc7 11. Nb3 Bg4 12. h3 Bxf3 13. Qxf3 Nd7 14. Qe3 e5 15. Qe2 Nac5 16. Nxc5 Nxc5 17. f3 b6 18. Be3 Nb7 19. Qf2 c5 20. Bd5 Rac8 21. b4 axb4 22. cxb4 Nd6 23. bxc5 bxc5 24. Rfc1 c4 25. Bb6 Qb8 26. a5 Bh6 27. Rc2 Nb5 28. Rxc4 Rxc4 29. Bxc4 Nd4 30. Bd5 Qd6 31. Rb1 Qa3 32. Kh1 Rc8 33. Qa2 Rc1+ 34. Rxc1 Qxc1+ 35. Kh2 Bf4+ 36. g3 Nxf3+ 37. Kg2 Ne1+ 38. Kf2 Bxg3+ 39. Ke2 Qc3 40. Qb3 Qc1 41. Qxg3 Nc2 42. Qf3 Qe1+ 43. Kd3 Nb4+ 44. Kc4 Nxd5 45. Kxd5 Qd2+ 46. Kxe5 1-0

[Event "St Petersburg Autumn op"]
[Site "St Petersburg"]
[Date "2009.??.??"]
[Round "1"]
[White "Pankov, German"]
[Black "Kozenkov, Valery"]
[Result "1-0"]
[WhiteElo "2355"]
[BlackElo "1995"]
[PlyCount "37"]
[EventDate "2009.10.??"]
[EventType "swiss"]
[EventRounds "9"]
[EventCountry "RUS"]
[SourceTitle "EXT 2011"]
[Source "ChessBase"]
[SourceDate "2010.11.26"]
[SourceVersion "1"]
[SourceVersionDate "2010.11.26"]
[SourceQuality "1"]

1. d4 d5 2. c4 c6 3. Nf3 Nf6 4. e3 e6 5. Nbd2 Bd6 6. Bd3 Nbd7 7. 0-0 0-0 8. e4 dxe4 9. Nxe4 Nxe4 10. Bxe4 Nf6 11. Bc2 c5 12. Qd3 cxd4 13. Bg5 g6 14. Qxd4 Be7 15. Qh4 Bd7 16. Rad1 Re8 17. Ne5 Rc8 18. Qf4 Rf8 19. Bxf6 1-0

[Event "Omsk RT op"]
[Site "Omsk"]
[Date "2009.??.??"]
[Round "5"]
[White "Pozdniakov, Vladimir"]
[Black "Kozenkov, Valery"]
[Result "0-1"]
[WhiteElo "2235"]
[BlackElo "1943"]
[PlyCount "48"]
[EventDate "2009.??.??"]
[EventType "swiss"]
[EventRounds "9"]
[EventCountry "RUS"]
[SourceTitle "EXT 2011"]
[Source "ChessBase"]
[SourceDate "2010.11.26"]
[SourceVersion "1"]
[SourceVersionDate "2010.11.26"]
[SourceQuality "1"]

1. Nf3 d5 2. b3 Nf6 3. Bb2 g6 4. g3 b6 5. Bg2 Bg7 6. c4 c6 7. 0-0 0-0 8. d3 Nbd7 9. Nbd2 Re8 10. Ne5 Nxe5 11. Bxe5 Bb7 12. cxd5 cxd5 13. Rc1 Rc8 14. Rxc8 Qxc8 15. Qb1 Qe6 16. Nf3 g5 17. d4 h6 18. Rc1 Rc8 19. e3 Rc6 20. h4 Ne4 21. Rxc6 Qxc6 22. Bxg7 Kxg7 23. hxg5 hxg5 24. Bf1 Qf6 0-1

[Event "Omsk Half CC-ch"]
[Site "Omsk"]
[Date "2009.??.??"]
[Round "9"]
[White "Savostjanov, Igor"]
[Black "Kozenkov, Valery"]
[Result "0-1"]
[WhiteElo "2120"]
[BlackElo "1943"]
[PlyCount "84"]
[EventDate "2009.??.??"]
[EventType "swiss"]
[EventRounds "9"]
[EventCountry "RUS"]
[SourceTitle "EXT 2011"]
[Source "ChessBase"]
[SourceDate "2010.11.26"]
[SourceVersion "1"]
[SourceVersionDate "2010.11.26"]
[SourceQuality "1"]

1. c4 c6 2. Nc3 d5 3. d4 Nf6 4. Bg5 e6 5. Nf3 Nbd7 6. e3 Qa5 7. Bxf6 Nxf6 8. Nd2 Be7 9. a3 Qd8 10. b4 0-0 11. Bd3 a5 12. c5 e5 13. dxe5 Ng4 14. Nf3 Qc7 15. 0-0 Nxe5 16. Nxe5 Qxe5 17. Ne2 Bg4 18. h3 Bxe2 19. Bxe2 Bf6 20. Rb1 axb4 21. axb4 Ra2 22. b5 d4 23. Bc4 Ra3 24. bxc6 bxc6 25. exd4 Qxd4 26. Qxd4 Bxd4 27. Rb6 Rc3 28. Be2 Bxc5 29. Ra6 Bd4 30. Rd1 c5 31. Ra2 g6 32. Rad2 Kg7 33. Kf1 h5 34. Rd3 Rxd3 35. Bxd3 Rb8 36. Rb1 Rd8 37. Rd1 Rd6 38. Bc4 Rf6 39. Rd2 g5 40. f3 Rb6 41. Ke2 Kf6 42. Kd3 Rb7 0-1